Mixed Missing Word Ladder (Daily Overdose 01) Quiz Stats

Quiz not verified by Sporcle

Challenge
Share
Tweet
Embed
Score 0/13 Timer 03:00
0 Plays Today
Scrambled Title (and Year of Release) 4-Letter Word % Correct
GRAD EM OT ____ (2009)HELL
86.1%
ULPA TARBL: ____ POC (2009)MALL
82.2%
HARSK ____ (2004)TALE
82%
A ____ OT BREMMEER (2002)WALK
81.6%
HOMESTING OT ____ TABOU (1995)TALK
81.2%
____ & DET'S SOBUG ENJUROY (1991)BILL
80.5%
CEDUE GLOWBIA: ____ LOGGIO (1999)MALE
76.4%
____ TETERS: YEMON VEREN PELSES (2010)WALL
70.1%
CLINECE OT ____ (1989)KILL
69.9%
HET NAM HOW ____ OT HEART (1976)FELL
68.2%
GLENDES FO ETH ____ (1994)FALL
66.9%
LISTEN ____ (2006)HILL
62.8%
SMORSEN'T ____ (2001)BALL
62.1%

You're not logged in!

Compare scores with friends on all Sporcle quizzes.
Join for Free
OR
Log In

You Might Also Like...

Show Comments

Extras

Top Quizzes Today


Score Distribution

Your Account Isn't Verified!

In order to create a playlist on Sporcle, you need to verify the email address you used during registration. Go to your Sporcle Settings to finish the process.

Report this User

Report this user for behavior that violates our Community Guidelines.

Details: